Formulas and calculations for petroleum engineering /

Formulas and Calculations for Petroleum Engineering unlocks the capability for any petroleum engineering individual, experienced or not, to solve problems and locate quick answers, eliminating non-productive time spent searching for that right calculation. Enhanced with lab data experiments, practic...

Full description

Bibliographic Details
Corporate Author: Knovel (Firm)
Other Authors: Temizel, Cenk (Editor), Tuna, Tayfun (Editor), Oskay, Mehmet Melih (Editor), Saputelli, Luigi A. (Editor)
Format: eBook
Language:English
Published: Cambridge, MA : Gulf Professional Publishing is an imprint of Elsevier, 2019.
Subjects:
Online Access:Connect to the full text of this electronic book

MARC

Tag First Indicator Second Indicator Subfields
LEADER 00000cam a2200000 i 4500
001 in00004640013
006 m o d
007 cr cnu---unuuu
008 190829s2019 maua o 001 0 eng d
005 20230110224503.1
035 |a (OCoLC)on1114335708 
040 |a OPELS  |b eng  |e rda  |e pn  |c OPELS  |d UKMGB  |d DKU  |d N$T  |d OCLCF  |d UKAHL  |d YDX  |d LVT  |d OCLCQ  |d OCLCO  |d K6U 
015 |a GBB9E0061  |2 bnb 
016 7 |a 019504417  |2 Uk 
019 |a 1229589416 
020 |a 9780128165553  |q (electronic bk.) 
020 |a 0128165553  |q (electronic bk.) 
020 |a 0128165081 
020 |a 9780128165089 
020 |z 9780128165089  |q (print) 
035 |a (OCoLC)1114335708  |z (OCoLC)1229589416 
037 |a 9780128165553  |b Ingram Content Group 
050 4 |a TN871 
082 0 4 |a 665.50151  |2 23 
049 |a TXAM 
245 0 0 |a Formulas and calculations for petroleum engineering /  |c Cenk Temizel, Tayfun Tuna, Mehmet Melih Oskay, Luigi A. Saputelli. 
264 1 |a Cambridge, MA :  |b Gulf Professional Publishing is an imprint of Elsevier,  |c 2019. 
300 |a 1 online resource :  |b illustrations 
336 |a text  |b txt  |2 rdacontent 
337 |a computer  |b c  |2 rdamedia 
338 |a online resource  |b cr  |2 rdacarrier 
520 |a Formulas and Calculations for Petroleum Engineering unlocks the capability for any petroleum engineering individual, experienced or not, to solve problems and locate quick answers, eliminating non-productive time spent searching for that right calculation. Enhanced with lab data experiments, practice examples, and a complimentary online software toolbox, the book presents the most convenient and practical reference for all oil and gas phases of a given project. Covering the full spectrum, this reference gives single-point reference to all critical modules, including drilling, production, reservoir engineering, well testing, well logging, enhanced oil recovery, well completion, fracturing, fluid flow, and even petroleum economics. 
500 |a Includes index. 
588 0 |a Print version record. 
505 0 |a Reservoir engineering formulas and calculations -- Drilling engineering formulas and calculations -- Well test analysis formulas and calculations -- Production engineering formulas and calculations -- Fluid flow and transport phenomena formulas and calculations -- Well log analysis, geophysics, petrophysics formulas, and calculations -- Petroleum economics formulas and calculations -- Phase behavior and thermodynamics formulas and calculations -- Petroleum engineering laboratory formulas and calculations -- enhanced oil recovery and geothermal formulas and calculations -- Geomechanics and fracturing formulas and calculations -- Facilities and process engineering formulas and calculations. 
650 0 |a Petroleum engineering  |x Mathematics. 
650 6 |a Technique du pétrole  |x Mathématiques. 
650 7 |a Petroleum engineering  |x Mathematics.  |2 fast  |0 (OCoLC)fst01059510 
655 7 |a Electronic books.  |2 local 
700 1 |a Temizel, Cenk,  |e editor. 
700 1 |a Tuna, Tayfun,  |e editor. 
700 1 |a Oskay, Mehmet Melih,  |e editor. 
700 1 |a Saputelli, Luigi A.,  |e editor. 
710 2 |a Knovel (Firm) 
776 0 8 |i Print version:  |t FORMULAS AND CALCULATIONS FOR PETROLEUM ENGINEERING.  |d [Place of publication not identified] : GULF PROFESSIONAL, 2019  |z 0128165081  |w (OCoLC)1082235023 
856 4 0 |u http://proxy.library.tamu.edu/login?url=https://app.knovel.com/hotlink/toc/id:kpFCPE0004/formulas-and-calculations?kpromoter=marc  |z Connect to the full text of this electronic book  |t 0 
955 |a Knovel ebooks 
994 |a 92  |b TXA 
999 f f |s 8f3401ab-1357-41fa-9bca-a8b2c514328a  |i 13223662-49b4-4255-8efa-78b7570df743  |t 0 
952 f f |a Texas A&M University  |b College Station  |c Electronic Resources  |d Available Online  |t 0  |e TN871   |h Library of Congress classification 
998 f f |a TN871   |t 0  |l Available Online